XI Roku 2010 wg. Tygodnika "Piłka Nożna" (spoza Europy) - Statystyki

Ogólne statystyki
  • Ten quiz został rozwiązany 183 razy
  • Średni wynik to 9 z 11
Statystyki odpowiedzi
Pozycja Kraj Klub Zawodnik % Poprawnych
ŚN/PS Argentyna Barcelona Lionel Messi
97%
LO Brazylia Real Madryt Marcelo
94%
PS Argentyna Benfica / Real Madryt Angel di Maria
93%
PO Brazylia Barcelona Dani Alves
93%
ŚP WKS Barcelona / Man City Yaya Toure
93%
ŚN/PS Kamerun Inter Samuel Eto'o
92%
ŚO Urugwaj Villarreal / Atletico Diego Godin
84%
ŚN Urugwaj Atletico Diego Forlan
83%
BR Brazylia Inter Julio Cesar
74%
ŚO Brazylia Inter Lucio
53%
ŚPD Argentyna Inter Esteban Cambiasso
34%
Nie znaleziono quizów pasujących do podanych kryteriów
Rozkład punktacji
Procent ludzi z każdym wynikiem
Percentyl według liczby udzielonych odpowiedzi
Twoja historia wyników
Nie rozwiązałeś tego quizu